Be my guest (Student's book): English for the Hotel Industry

שמור ב:
מידע ביבליוגרפי
מחבר ראשי: Francis O'Hara
פורמט: ספר
שפה:Undetermined
יצא לאור: Cambridge, UK Cambridge Univ. Press 2002
נושאים:
תגים: הוספת תג
אין תגיות, היה/י הראשונ/ה לתייג את הרשומה!
Thư viện lưu trữ: Trung tâm Học liệu Trường Đại học Cần Thơ
LEADER 00597nam a2200217Ia 4500
001 CTU_57625
008 210402s9999 xx 000 0 und d
020 |b 180000 
082 |a 428.24 
082 |b O.36 
100 |a Francis O'Hara 
245 0 |a Be my guest (Student's book): 
245 0 |b English for the Hotel Industry 
245 0 |c Francis O'Hara 
260 |a Cambridge, UK 
260 |b Cambridge Univ. Press 
260 |c 2002 
650 |a english language 
650 |x textbooks for foreaign speakers 
904 |i Minh 
980 |a Trung tâm Học liệu Trường Đại học Cần Thơ